Statistics for Magic square

Click here to take the quiz!

General Stats

  • This quiz has been taken 27 times
  • The average score is 9 of 10

Answer Stats

NombreNombre% Correct
22
100%
1919
96%
2525
96%
33
96%
2323
92%
77
92%
1313
83%
66
83%
11
79%
2424
79%

Score Distribution

Percentile by Number Answered

Percent of People with Each Score

Your Score History

You have not taken this quiz